Quinoterapia

保存先:
書誌詳細
主要な著者: Quino (著者), Lavado, Joaquín Salvador (著者)
フォーマット: 図書
言語:スペイン語
出版事項: Buenos Aires De la Flor 2009
版:21a. ed
主題:
タグ: タグ追加
タグなし, このレコードへの初めてのタグを付けませんか!

MARC

LEADER 00000cam a2200000 a 4500
001 UCF1912
003 CL-VaPUC
008 120802e20090000AG |||||||||||||||||spa|d
020 |a 9789505156405 
082 0 4 |a 741.5  |b QUI  |2 21 
100 0 |a Quino  |e author  |9 563453 
700 0 |a Lavado, Joaquín Salvador  |e author  |9 563454 
245 1 0 |a Quinoterapia 
250 |a 21a. ed 
300 |a pág. irreg 
942 |c BK 
945 |d 20120802 00:00:00  |a cmena 
260 |a Buenos Aires  |b De la Flor  |c 2009 
650 0 |a Cómics  |9 369534 
650 0 |a Caricaturas  |9 359381 
650 0 |a Humor gráfico  |9 536655 
650 7 |a HUMOR ADULTOS  |2 CL-VaPUC  |9 563455 
583 |a last modification  |c 20120802 10:35:00  |k Rodrigo Vera 
999 |c 348598  |d 348596 
952 |0 0  |1 0  |4 0  |6 741_500000000000000_QUI_2009  |7 0  |8 A  |9 450684  |a BIBING  |b BIBING  |d 2019-11-22  |i 4873602  |o 741.5 QUI 2009  |p 4873602  |r 2025-01-20  |w 2019-11-22  |y BK  |k CUI